Statistics for Semitic languages

Click here to take the quiz!

General Stats

  • This quiz has been taken 205 times
  • The average score is 5 of 14

Answer Stats

# of speakersRegionAnswer% Correct
420 millionMiddle East and North AfricaArabic
99%
9 millionIsraelHebrew
98%
22 millionEthiopiaAmharic
88%
520,000MaltaMaltese
80%
235,000Syria, Iraq, TurkeyAssyrian
49%
1.1 millionEritreaTigre
36%
71,000SocotraSoqotri
20%
120,000Yemen, OmanMehri
10%
216,000Iraq, Iran, TurkeyChaldean
8%
6.9 millionEritrea, EthiopiaTigrinaya
7%
250,000Turkey, SyriaTuroyo
5%
5,500Iran, IraqMandaic
2%
25,000OmanShehri
1%
24,000SyriaMahlula
0%

Score Distribution

Percentile by Number Answered

Percent of People with Each Score

Your Score History

You have not taken this quiz